000 00197nam a2200109Ia 4500
100 _aJAGMO
942 _cBK
245 _aMY FROZEN TURBULANCE
260 _b#N/A
546 _aENGLISH
999 _c34848
_d34848